DRUG THERAPY IN OSTEOPOROSIS / (Record no. 796975)

MARC details
000 -LEADER
fixed length control field 00457pam a2200169 a 4500
020 ## - INTERNATIONAL STANDARD BOOK NUMBER
International Standard Book Number 1842140302
Terms of availability 5178.00
041 ## - LANGUAGE CODE
Language code of text/sound track or separate title eng
Language code of original NULL
082 ## - DEWEY DECIMAL CLASSIFICATION NUMBER
Classification number 617.3
Item number KLE
100 ## - MAIN ENTRY--PERSONAL NAME
Personal name KLEEREKOPER M.
245 ## - TITLE STATEMENT
Title DRUG THERAPY IN OSTEOPOROSIS /
Statement of responsibility, etc. NULL.
Medium Textual Documents
260 ## - PUBLICATION, DISTRIBUTION, ETC.
Place of publication, distribution, etc. NULL :
Name of publisher, distributor, etc. TAYLOR & FRANCIS (CRC) PRESS ,
Date of publication, distribution, etc. 2005.
300 ## - PHYSICAL DESCRIPTION
Extent 116 : :
Other physical details X ; ;
Dimensions a4 . +
Accompanying material HB.
365 ## - TRADE PRICE
Price type code 5178.00
650 ## - SUBJECT ADDED ENTRY--TOPICAL TERM
Topical term or geographic name entry element ORTHO
930 ## - EQUIVALENCE OR CROSS-REFERENCE-UNIFORM TITLE HEADING [LOCAL, CANADA]
Uniform title 2440
Holdings
Withdrawn status Lost status Damaged status Not for loan Collection Home library Current library Date acquired Source of acquisition Cost, normal purchase price Total Checkouts Full call number Barcode Date last seen Copy number Price effective from Koha item type
          Medical College & Hospital, Sangli Medical College & Hospital, Sangli 17/01/2008 B.M.S.G.B.PUNE 5178.00   617.3 KLE MCS-6030 26/07/2023 1 26/07/2023 Book